| 000 | 00469nam a22001577a 4500 | ||
|---|---|---|---|
| 005 | 20120706163112.0 | ||
| 020 |
_a9788183820905 _c450.00 |
||
| 037 |
_adpl _bK K.Pub /ven |
||
| 082 | _a891.4414 | ||
| 245 |
_aGenius Tagore Select _cedited by Mahendra kulasrestha |
||
| 260 |
_aNew Delhi _bLotus press |
||
| 270 |
_a4263/3 Ansari road _bNew Delhi |
||
| 300 |
_a295pg _c23cm |
||
| 710 |
_aKulasrestha. Mahendra _949948 |
||
| 942 |
_2ddc _cEN _h891.4414 _mGEN |
||
| 999 |
_c68333 _d68333 |
||